000 00287nam a22001337a 4500
008 181106b xxu||||| |||| 00| 0 eng d
020 _a9780609603239
041 _aeng
080 _a610
100 _a4
101 _aSHM
245 _aThe Prostate Cure
_cPreuss,H.G
942 _2udc
_cBK
999 _c52003
_d52003